Commercial Slogans - Statistics

General Stats
  • This quiz has been taken 33 times
    26 since last reset
  • The average score is 11 of 18
Answer Stats
Hint Answer % Correct
Just Do It Nike
95%
Im Lovin' It McDonalds
85%
Finger Lickin' Good KFC
80%
Taste The Rainbow Skittles
80%
It Gives You Wings Redbull
75%
Save 15% Or More On Car Insurance Geico
70%
The Quicker Picker Upper Bounty
65%
They're Grrrrrrreat! Frosted Flakes
65%
Eat Fresh Subway
65%
You're In Good Hands All State
55%
Think Different Apple
55%
Melts In Your Mouth, Not In Your Hands M&Ms
50%
What's In Your Wallet? Capital One
45%
Open Happiness Coca-Cola
45%
It Keeps going... and going.. and going Energizer
40%
How Doers Get More Done Home Depot
30%
Obey Your Thirst Sprite
30%
Mmm, Mmm good! Campbell's Soup
20%
No matching quizzes found
Score Distribution
Percent of People with Each Score
Percentile by Number Answered
Your Score History
You have not taken this quiz since the last reset